The role of conceptual structures in the development of children's thought
Αποθηκεύτηκε σε:
| Κύριος συγγραφέας: | |
|---|---|
| Άλλοι συγγραφείς: | |
| Μορφή: | Βιβλίο |
| Γλώσσα: | English |
| Δημοσίευση: |
Chicago, Illinois :
Society for Research in Child Development,
1996
|
| Σειρά: | Monographs of the Society for Research in Child Development ;
; Serial no.246, Vol.61, nos 1-2 |
| Θέματα: | |
| Ετικέτες: |
Προσθήκη ετικέτας
Δεν υπάρχουν, Καταχωρήστε ετικέτα πρώτοι!
|
MARC
| LEADER | 00000nam a2200000 i 4500 | ||
|---|---|---|---|
| 001 | 1/87624 | ||
| 008 | 990729s1006 eng d | ||
| 020 | |a 0-226-09540-1 | ||
| 035 | |l 10052339 | ||
| 040 | |a GR-MY-UA |b gre |e aacr | ||
| 041 | 0 | |a eng | |
| 082 | 0 | |a 155.413 | |
| 100 | 1 | |a Case, Robbie. | |
| 245 | 1 | 4 | |a The role of conceptual structures in the development of children's thought / |c Robbie Case, Yukari Okamoto ; in collaboration with Sharon Griffin ... [et al.] ; with commentary by Robert S. Siegler, Daniel P. Keating and a reply by the authors |
| 260 | |a Chicago, Illinois : |b Society for Research in Child Development, |c 1996 | ||
| 300 | |a 298 p. | ||
| 490 | 1 | |a Monographs of the Society for Research in Child Development |v ; Serial no.246, Vol.61, nos 1-2 | |
| 650 | 0 | 0 | |a Cognition in children. |
| 650 | 0 | 0 | |a Thought and thinking. |
| 650 | 0 | 0 | |a Knowledge, Theory of. |
| 700 | 1 | |a Okamoto, Yukari. | |
| 830 | 0 | |a Monographs of the Society for Research in Child Development ; |v ; Serial no.246, Vol.61, nos 1-2 | |
| 852 | |a INST |b RHODES |e 19990729 |h 155.413 CAS |p 005400011812 |q 005400011812 |t BK |y 0 | ||
| 901 | |a BIBL4-1999-2 | ||
| 909 | |a Ρ |b 065969 | ||
| 922 | |a 4ΕΛΗ |b 199904 |c ΚΠΣ/154 |d LEADER | ||
| 970 | |z 1999/07/29 |a ΚΟΥΛΑΚΙΟΤΗ |b ΛΙΤΣΑ | ||